00704nam a2200217 i 4500001000300000245005500003250001200058260005400070300002100124504001200145650004600157655003000203700004400233015001600277020001500293040000800308041000800316080002300324008004100347856009800388bg00aPrawo rolne /cpod red. Andrzeja Stelmachowskiego. aWyd. 2. aWarszawa :bWydaw. Prawnicze "LexisNexis",c2005. a531 s. ;c24 cm. aIndeks. 9aRolnictwoxprawozPolskaystan na 2005 r. aPodręczniki akademickie1 aSTELMACHOWSKI, Andrzejd(1925- ).eRed. aPB 965/2005 a8373343555 cBPK apol a349.42(438)(075.8) s pl f |000 0 pol  uhttp://koha.tu.koszalin.pl/cgi-bin/koha/opac-detail.pl?biblionumber=46041yKatalog online BPK